000 00311nam a22001457a 4500
008 210602b ||||| |||| 00| 0 eng d
020 _a094285038605
041 _aeng
080 _a316
082 _a316
100 _a50
101 _aSOC
245 _aA World that Works
_cTrent Schroyer
942 _2udc
_cBK
999 _c57884
_d57884